| 000 | 00876cab a2200217 4500 | ||
|---|---|---|---|
| 001 | ABS56291 | ||
| 008 | 090401t1996 xxu||||| |||| 00| 0 eng d | ||
| 035 | _a(Sirsi) u22585 | ||
| 041 | _aeng | ||
| 100 | _aHill, R | ||
| 245 | _aDispute avoidance and resolution mechanisms | ||
| 260 | _c1996 | ||
| 350 | _a0 | ||
| 490 |
_aArbitration and Dispute Resolution Law Journal _v(4) December 1996, 287-296(10) |
||
| 520 | _aOutlines and categorises the several types of mechanisms that can be used to avoid and to resolve disputes. | ||
| 650 | _aMANAGEMENT-DISPUTE AVOIDANCE, MANAGEMENT AND RESOLUTION-DISPUTE MANAGEMENT AND RESOLUTION-ALTERNATIVE DISPUTE RESOLUTION-ADJUDICATION | ||
| 650 |
_aDISPUTE RESOLUTION _96236 |
||
| 690 | _aMANAGEMENT-DISPUTE AVOIDANCE, MANAGEMENT AND RESOLUTION-DISPUTE MANAGEMENT AND RESOLUTION-ARBITRATION | ||
| 942 | _n0 | ||
| 948 | _c04/03/1997 | ||
| 999 |
_c15134 _d15134 |
||